Detalles MARC
| 000 -CABECERA |
| campo de control de longitud fija |
00868nam a2200229 a 4500 |
| 001 - NÚMERO DE CONTROL |
| campo de control |
000047932 |
| 005 - FECHA Y HORA DE LA ÚLTIMA TRANSACCIÓN |
| campo de control |
20240313073817.0 |
| 008 - DATOS DE LONGITUD FIJA--INFORMACIÓN GENERAL |
| campo de control de longitud fija |
181004s2017 dr r 000 0 spa d |
| 020 ## - NÚMERO INTERNACIONAL ESTÁNDAR DEL LIBRO |
| Número Internacional Estándar del Libro |
9789945462951 |
| 040 ## - FUENTE DE LA CATALOGACIÓN |
| Centro catalogador/agencia de origen |
DO-SdBNP |
| Lengua de catalogación |
spa |
| Centro/agencia transcriptor |
BNPHU |
| 082 ## - NÚMERO DE LA CLASIFICACIÓN DECIMAL DEWEY |
| Número de clasificación |
xxxx |
| Número de documento/Ítem |
C697m |
| 100 1# - ENTRADA PRINCIPAL--NOMBRE DE PERSONA |
| Nombre de persona |
Collado, Lipe, |
| Fechas asociadas al nombre |
1947- |
| 9 (RLIN) |
79819 |
| 245 10 - MENCIÓN DE TÍTULO |
| Título |
1965-2015 cincuenta años después / |
| Mención de responsabilidad, etc. |
Lipe Colado ; prólogo Bienvenido Álvarez-Vega. |
| 246 10 - FORMA VARIANTE DE TÍTULO |
| Título propio/Titulo breve |
Mil novecietos sesenta y cinco - dos mil quince cincuenta años despúes |
| 260 ## - PUBLICACIÓN, DISTRIBUCIÓN, ETC. |
| Lugar de publicación, distribución, etc. |
Santo Domingo : |
| Nombre del editor, distribuidor, etc. |
CPEP, |
| Fecha de publicación, distribución, etc. |
2017. |
| 300 ## - DESCRIPCIÓN FÍSICA |
| Extensión |
258 p. ; |
| Dimensiones |
23 cm. |
| 490 1# - MENCIÓN DE SERIE |
| Mención de serie |
50 aniversario de la gesta patriotica de abril del 1965 |
| Designación de volumen o secuencia |
19 |
| 504 ## - NOTA DE BIBLIOGRAFÍA, ETC. |
| Nota de bibliografía, etc. |
Bibliografía : p. 255-258 |
| 590 ## - NOTA LOCAL (RLIN) |
| Nota local |
Inventariado, 2020/BT |
| 700 1# - PUNTO DE ACCESO ADICIONAL--NOMBRE DE PERSONA |
| Nombre de persona |
Álvarez-Vega, Bienvenido, |
| Término indicativo de función/relación |
pról. |
| 9 (RLIN) |
27120 |
| 830 #0 - PUNTO DE ACCESO ADICIONAL DE SERIE-TÍTULO UNIFORME |
| Título uniforme |
50 aniversario de la gesta patriotica de abril del 1965 |
| Número de parte o sección de la obra |
19 |
| 9 (RLIN) |
75483 |